Ligne U du Transilien - Statistiques

Statistiques générales
  • Ce quiz a été pris 272 fois
  • Le résultat moyen est 10 sur 11
Statistiques - réponses
n gares correspondances % Correct
1 La Défense RER A ETransilien L M 1 T 2
100%
2 Puteaux Transilien LT 2
97%
11 La Verrière Transilien N
95%
7 Versailles-Chantiers RER CTransilien N V
95%
8 Saint-Cyr RER CTransilien N T 13
94%
9 Saint-Quentin-en-Yvelines RER CTransilien N
91%
10 Trappes Transilien N
90%
6 Chaville-Rive-Droite Transilien L
88%
4 Saint-Cloud Transilien L
88%
3 Suresnes-Mont-Valérien Transilien LT 2
87%
5 Sèvres - Ville-d'Avray Transilien L
77%
Aucun quiz correspondant
Distribution des résultats
% des personnes avec chaque résultat
Percentile par nombre de réponses
Votre historique - résultats
Vous n’avez pas pris ce quiz